Zanieczyszczenie srodowiska jako bariera wzrostu gospodarczego.
Autor skúma znečistenie životného prostredia ako bariéru hospodárskeho rastu z celkom inej poznávacej perspektívy, a to z hľadiska teórie hospodárskeho rastu, presnejšie povedané z hľadiska neoklasickej teórie ekologicky vyrovnaného ekonomického rastu.
Gespeichert in:
| 1. Verfasser: | |
|---|---|
| Format: | Buchkapitel |
| Sprache: | Polnisch |
| Schlagworte: | |
| Tags: |
Keine Tags, Fügen Sie das erste Tag hinzu!
|
MARC
| LEADER | 00000naa a2200000 4500 | ||
|---|---|---|---|
| 001 | r005603 | ||
| 005 | 20221125123054.2 | ||
| 041 | 0 | |a pol | |
| 044 | |a PL | ||
| 245 | 1 | 0 | |a Zanieczyszczenie srodowiska jako bariera wzrostu gospodarczego. |c B. Fiedor |
| 520 | |a Autor skúma znečistenie životného prostredia ako bariéru hospodárskeho rastu z celkom inej poznávacej perspektívy, a to z hľadiska teórie hospodárskeho rastu, presnejšie povedané z hľadiska neoklasickej teórie ekologicky vyrovnaného ekonomického rastu. | ||
| 610 | 2 | 0 | |a prostredie životné |
| 610 | 2 | 0 | |a znečistenie ovzdušia |
| 610 | 2 | 0 | |a znečistenie vôd |
| 610 | 2 | 0 | |a bariéry rastu hospodárskeho |
| 100 | 1 | |a Fiedor, B. | |